Nazwij sąsiada każdego województwa - Statystyki

Ogólne statystyki
  • Ten quiz został rozwiązany 7 284 razy
  • Średni wynik to 13 z 16
Statystyki odpowiedzi
Województwo Graniczące województwa Granice % Poprawnych
kujawsko-pomorskie pomorskie, wielkopolskie, łódzkie, mazowieckie, warmińsko-mazurskie
97%
dolnośląskie opolskie, wielkopolskie, lubuskie
96%
łódzkie kujawsko-pomorskie, wielkopolskie, opolskie, śląskie, świętokrzyskie, mazowieckie
95%
lubelskie podlaskie, mazowieckie, świętokrzyskie, podkarpackie
94%
lubuskie dolnośląskie, wielkopolskie, zachodniopomorskie
92%
mazowieckie kujawsko-pomorskie, łódzkie, świętokrzyskie, lubelskie, podlaskie, warmińsko-mazurskie
92%
małopolskie podkarpackie, świętokrzyskie, śląskie
91%
opolskie śląskie, łódzkie, wielkopolskie, dolnośląskie
90%
podkarpackie lubelskie, świętokrzyskie, małopolskie
87%
podlaskie warmińsko-mazurskie, mazowieckie, lubelskie
84%
pomorskie zachodniopomorskie, wielkopolskie, kujawsko-pomorskie, warmińsko-mazurskie
80%
śląskie małopolskie, świętokrzyskie, łódzkie, opolskie
77%
świętokrzyskie śląskie, małopolskie, podkarpackie, lubelskie, mazowieckie, łódzkie
73%
warmińsko-mazurskie pomorskie, kujawsko-pomorskie, mazowieckie, podlaskie
69%
wielkopolskie dolnośląskie, opolskie, łódzkie, kujawsko-pomorskie, pomorskie, zachodniopomorskie, lubuskie
63%
zachodniopomorskie lubuskie, wielkopolskie, pomorskie
59%
Nie znaleziono quizów pasujących do podanych kryteriów
Rozkład punktacji
Procent ludzi z każdym wynikiem
Percentyl według liczby udzielonych odpowiedzi
Twoja historia wyników
Nie rozwiązałeś tego quizu